00594nam a2200169Ia 4500008004100000040003800041041000800079084000800087100003000095245005800125260002900183300001900212336002900231337003300260338002800293502010300321250919t1944||||xx |||||||||||||| ||spa|| agtgcuscobspacgtgcuscodgtgcusco aspa aT53 aAzpuru Pellecer, Federico 0aConsideraciones sobre la vitamina K en Odontología. aGuatemala :bUSAC,c1944 a27 p. :bil. : atextobtxt2rdacontenido aSin mediaciónbn2rdamedio avolumenbnc2rdasoporte aTesis (Cirujano Dentista) -- Universidad de San Carlos de Guatemala, Facultad de Odontología. --